Slovak Republic : 2022 Article IV Consultation-Press Release; and Staff Report.

Slovakia is highly vulnerable to the war in Ukraine, given its geographical proximity, heavy reliance on energy imports from Russia, and high integration into global value chains. The shock occurs against the backdrop of an incomplete recovery from the pandemic, with activity hampered by breakdowns...

Ausführliche Beschreibung

Bibliographische Detailangaben
Körperschaft: International Monetary Fund. European Dept.
Format: Zeitschrift
Sprache:English
Veröffentlicht: Washington, D.C. : International Monetary Fund, 2022.
Schriftenreihe:IMF Staff Country Reports; Country Report ; No. 2022/202
Schlagworte:
Online Zugang:Full text available on IMF
LEADER 01793cas a2200289 a 4500
001 AALejournalIMF022771
008 230101c9999 xx r poo 0 0eng d
020 |c 20.00 USD 
020 |z 9798400214684 
022 |a 1934-7685 
040 |a BD-DhAAL  |c BD-DhAAL 
110 2 |a International Monetary Fund.  |b European Dept.. 
245 1 0 |a Slovak Republic :   |b 2022 Article IV Consultation-Press Release; and Staff Report. 
264 1 |a Washington, D.C. :  |b International Monetary Fund,  |c 2022. 
300 |a 1 online resource (73 pages) 
490 1 |a IMF Staff Country Reports 
500 |a <strong>Off-Campus Access:</strong> No User ID or Password Required 
500 |a <strong>On-Campus Access:</strong> No User ID or Password Required 
506 |a Electronic access restricted to authorized BRAC University faculty, staff and students 
520 3 |a Slovakia is highly vulnerable to the war in Ukraine, given its geographical proximity, heavy reliance on energy imports from Russia, and high integration into global value chains. The shock occurs against the backdrop of an incomplete recovery from the pandemic, with activity hampered by breakdowns in global supply chains and resurgent infection waves. Growth is projected to slow to 2.2 percent and inflation to surge to over 10 percent in 2022, with sizable downside risks amidst exceptionally large uncertainty. 
538 |a Mode of access: Internet 
650 7 |a International Agreements and Observance  |2 imf 
650 7 |a International Organizations  |2 imf 
650 7 |a Monetary Policy  |2 imf 
651 7 |a Slovak Republic  |2 imf 
830 0 |a IMF Staff Country Reports; Country Report ;  |v No. 2022/202 
856 4 0 |z Full text available on IMF  |u https://elibrary.imf.org/openurl?genre=journal&issn=1934-7685&volume=2022&issue=202  |z IMF e-Library